| 000 | 005340000a22001450004500 | ||
|---|---|---|---|
| 090 |
_aAR _b00537 |
||
| 245 | 1 | 0 | _aExcursión a la cueva de los Guácharos corregimientos de Palestina, municipio de Pitalito, departamento del Huila, junio 19 de 1953 |
| 650 | 1 | 4 |
_aEspeleología _94156 |
| 650 | 1 | 4 |
_aCavernas _993465 |
| 651 | 4 |
_lPalestina _mPitalito _dHuila _pColombia _992749 |
|
| 041 | 0 | _aEspañol | |
| 100 | 1 |
_aRamírez, Jesús Emilio _951590 |
|
| 942 | _cARTICULO | ||
| 773 | 1 |
_tBoletín de la Sociedad Geográfica de Colombia _3190 _q3-23 _d1953 |
|
| 999 |
_c9632 _d9632 |
||